Principles of Biblical interpretation; (Record no. 1068)

MARC details
000 -LEADER
fixed length control field 00726cam a22002531 4500
001 - CONTROL NUMBER
control field 6022271
003 - CONTROL NUMBER IDENTIFIER
control field GBCCL
005 - DATE AND TIME OF LATEST TRANSACTION
control field 20241126110352.0
008 - FIXED-LENGTH DATA ELEMENTS--GENERAL INFORMATION
fixed length control field 770401s1950 miu 000 0 eng
010 ## -
-- 50013488
035 ## - SYSTEM CONTROL NUMBER
System control number (OCoLC)2855823
040 ## - CATALOGING SOURCE
Original cataloging agency DLC
Transcribing agency MnManBS
Modifying agency DLC
042 ## -
-- premarc
050 00 -
-- BS476
-- .B45
082 ## - DEWEY DECIMAL CLASSIFICATION NUMBER
Classification number 220.601
Item number BER
100 1# - MAIN ENTRY--PERSONAL NAME
Personal name Berkhof, Louis,
Dates associated with a name 1873-
9 (RLIN) 1901
245 00 - TITLE STATEMENT
Title Principles of Biblical interpretation;
Remainder of title sacred hermeneutics.
260 ## - PUBLICATION, DISTRIBUTION, ETC.
Place of publication, distribution, etc. Grand Rapids,
Name of publisher, distributor, etc. Baker Book House,
Date of publication, distribution, etc. 1950.
300 ## - PHYSICAL DESCRIPTION
Extent 169 p.
Dimensions 23 cm.
504 ## - BIBLIOGRAPHY, ETC. NOTE
Bibliography, etc. note Includes bibliographies.
630 00 - SUBJECT ADDED ENTRY--UNIFORM TITLE
Uniform title Bible
General subdivision Hermeneutics.
9 (RLIN) 1790
906 ## - LOCAL DATA ELEMENT F, LDF (RLIN)
a 7
b cbc
c oclcrpl
d u
e ncip
f 19
g y-gencatlg
942 ## - ADDED ENTRY ELEMENTS (KOHA)
Source of classification or shelving scheme Dewey Decimal Classification
Koha item type Books
Koha issues (borrowed), all copies 13
Holdings
Withdrawn status Lost status Source of classification or shelving scheme Damaged status Not for loan Home library Current Library Shelving location Date acquired Total checkouts Total renewals Full call number Barcode Date last seen Date last checked out Copy number Price effective from Koha item type
    Dewey Decimal Classification     GRACE BIBLE COLLEGE GRACE BIBLE COLLEGE Biblical Studies 2017-04-11 14 6 220.601 BER 007495 2026-02-16 2026-02-13 c.1 2017-04-11 Books
© Grace Bible College Library 2025